000 00325nam a2200133Ia 4500
005 20251222155153.0
008 251222s9999||||xx |||||||||||||| ||spa||
082 _aAFIS 16
100 _aTORTORA Gerard J.
245 0 _aPrincipios de la AnatomĂ­a y FisiologĂ­a
250 _a1ra. ed.
264 _bMosby/Doyma
942 _cLIB
999 _c39659
_d39659